Effects of flooded-drained acid rice soil on phosphorus availablity and maize growth ឥទ្ធិពលនៃការពន្លិចទឹក-សំងួតដីអាស៊ីតដាំស្រូវ ទៅលើភាពសេរីរបស់ផូស្វ័រ និងការដុះលូតលាស់របស់ដំណាំពោត (Record no. 501)

000 -LEADER
fixed length control field 00722nam a22001577a 4500
003 - CONTROL NUMBER IDENTIFIER
control field OSt
005 - DATE AND TIME OF LATEST TRANSACTION
control field 20150915143527.0
008 - FIXED-LENGTH DATA ELEMENTS--GENERAL INFORMATION
fixed length control field 150915b xxu||||| |||| 00| 0 eng d
040 ## - CATALOGING SOURCE
Transcribing agency RUA
082 ## - DEWEY DECIMAL CLASSIFICATION NUMBER
Classification number AGR LY 2002 B028 Or.1
100 ## - MAIN ENTRY--PERSONAL NAME
9 (RLIN) 519
Personal name LY, YOUVENEAT.
245 ## - TITLE STATEMENT
Title Effects of flooded-drained acid rice soil on phosphorus availablity and maize growth ឥទ្ធិពលនៃការពន្លិចទឹក-សំងួតដីអាស៊ីតដាំស្រូវ ទៅលើភាពសេរីរបស់ផូស្វ័រ និងការដុះលូតលាស់របស់ដំណាំពោត
260 ## - PUBLICATION, DISTRIBUTION, ETC. (IMPRINT)
Place of publication, distribution, etc. Phnom Penh
Name of publisher, distributor, etc. RUA
Date of publication, distribution, etc. 2002
300 ## - PHYSICAL DESCRIPTION
Extent 68p.
Other physical details ill.
Dimensions 29cm.
942 ## - ADDED ENTRY ELEMENTS (KOHA)
Source of classification or shelving scheme
Koha item type AGR
Holdings
Price effective from Date last seen Permanent Location Not for loan Date acquired Source of classification or shelving scheme Koha item type Lost status Withdrawn status Date last checked out Total Checkouts Shelving location Damaged status Barcode Current Location Full call number
2015-09-152016-07-20Library Block B 2015-09-15 AGR  2016-07-021B028 RUA002638Library Block BAGR LY 2002 B028 Or.1
2015-09-152015-09-15Library Block B 2015-09-15 AGR    B028 RUA002566Library Block BAGR LY 2002 B028 Or.2
2015-09-152022-04-06Library Block B 2015-09-15 AGR  2022-03-301B028 RUA002711Library Block BAGR LY 2002 B028 Or.3
2015-09-152017-11-01Library Block B 2015-09-15 AGR  2017-10-281B028 RUA002455Library Block BAGR LY 2002 B028 Or.4
មជ្ឈមណ្ឌលឯការនៃសាកលវិទ្យាល័យភូមិន្ទកសិកម្មចំការដូង

Powered by Koha